000 00405nam a2200157Ia 4500
003 OSt
005 20230531110630.0
008 211028s2013 xx 000 0 und d
040 _cAIMIT LIBRARY
041 _aeng
100 _aHarshitha, N; Shetty, Annapoorna.
_98420
_e111908
110 _aAnnapoorna Shetty
_98421
245 _aCustomer self service.
260 _aMangalore
_c2013
942 _2ddc
_cPRO
999 _c219879
_d219879